Guess the Lyrics #41 - Statistics

General Stats
  • This quiz has been taken 2,854 times
    1,702 since last reset
  • The average score is 92 of 233
Answer Stats
Lyrics % Correct
I
99%
a
97%
you
95%
You
95%
the
89%
The
89%
to
82%
To
82%
When
82%
me
81%
do
78%
do,
78%
and
76%
be
75%
who
72%
on
71%
Where
71%
your
70%
in
68%
are
66%
What
66%
my
64%
So
60%
then?
57%
I'm
54%
of
54%
for
53%
can't
51%
have
50%
going
49%
not
47%
know
46%
too
45%
This
44%
like
43%
think
36%
should
35%
with
35%
come
34%
down?
34%
down
34%
gonna
34%
man
34%
Oh,
34%
up
34%
get
33%
take
30%
back
29%
Back
29%
you'll
26%
got
25%
I've
25%
Ah,
18%
ah
18%
hold
18%
old
18%
road
18%
didn't
16%
forever
13%
There's
13%
bet
12%
goodbye
12%
again
11%
brick
11%
land?
11%
stayed
11%
yellow
11%
young
11%
boy's
10%
friends
10%
future
10%
listened
10%
farm
8%
found
8%
Goodbye Yellow Brick Road - Elton John
8%
lies
8%
Maybe
8%
open
8%
singing
8%
ain't
7%
blues
7%
dogs
7%
finally
7%
howl
7%
penthouse
7%
present
7%
sign
7%
society
7%
they'll
7%
Beyond
6%
feet
6%
ground
6%
plane
6%
woods
6%
decided
5%
Hunting
5%
It'll
5%
owl
5%
plough
5%
set
5%
toad
5%
horny-back
4%
howling,
4%
plant
4%
plenty
4%
replacement
4%
ah-ah,
3%
ah-ah
3%
couple
3%
Mongrels
3%
penny
3%
shoot
3%
tonics
3%
vodka
3%
Ah-ah-ah,
2%
Sniffing
2%
tidbits
2%
No matching quizzes found
Score Distribution
Percent of People with Each Score
Percentile by Number Answered
Your Score History
You have not taken this quiz since the last reset